[Event "EU-ch Amateur U2000"]
[Site "Niksic"]
[Date "2018.06.20"]
[Round "8"]
[White "Fransson, Pia"]
[Black "Caushaj, Kastriot"]
[Result "1-0"]
[WhiteElo "1486"]
[BlackElo "1861"]
[PlyCount "65"]
[EventDate "2018.06.14"]
[EventType "swiss"]
[EventRounds "9"]
[EventCountry "MNE"]
[SourceTitle "EXT 2019"]
[Source "ChessBase"]
[SourceDate "2018.10.10"]
[SourceVersion "1"]
[SourceVersionDate "2018.10.10"]
[SourceQuality "1"]

1. d4 d5 2. Nf3 e6 3. c4 c5 4. g3 Nc6 5. Bg2 Nf6 6. 0-0 Be7 7. a3 dxc4 8. dxc5 0-0 9. Qa4 Qa5 10. Qxc4 Qxc5 11. Qxc5 Bxc5 12. b4 Be7 13. Nc3 Rd8 14. Bb2 Bd7 15. Rfd1 Be8 16. e3 Kf8 17. Ne2 Nd5 18. Rd2 Nb6 19. Rc1 Rxd2 20. Nxd2 Rd8 21. Nf3 Na4 22. Ba1 Rd3 23. Ned4 Rxa3 24. Nxc6 Bxc6 25. Ne5 Bxg2 26. Rc8+ Bd8 27. Rxd8+ Ke7 28. Rd7+ Ke8 29. Kxg2 Rxa1 30. Rxf7 Nc3 31. Rxb7 Kf8 32. b5 Ra5 33. Rb8+ 1-0

[Event "Albena op"]
[Site "Albena"]
[Date "2017.06.22"]
[Round "6"]
[White "Caushaj, Kastriot"]
[Black "Yakimenko, Alexander A"]
[Result "0-1"]
[WhiteElo "1817"]
[BlackElo "2142"]
[PlyCount "78"]
[EventDate "2017.06.17"]
[EventType "swiss"]
[EventRounds "9"]
[EventCountry "BUL"]
[SourceTitle "CBM 179 Extra"]
[Source "ChessBase"]
[SourceDate "2017.08.23"]
[SourceVersion "1"]
[SourceVersionDate "2017.08.23"]
[SourceQuality "1"]

1. c4 e5 2. g3 Nc6 3. Nc3 g6 4. Nf3 Bg7 5. Bg2 d6 6. d3 Nge7 7. 0-0 0-0 8. Bg5 h6 9. Bd2 Bd7 10. Nd5 Nxd5 11. cxd5 Ne7 12. e4 f5 13. Qc1 Kh7 14. h4 Rc8 15. Be3 c5 16. Qd2 Ng8 17. Nh2 f4 18. gxf4 Qxh4 19. Nf3 Qh5 20. Ne1 exf4 21. Bxf4 Be5 22. Bxe5 dxe5 23. f4 Nf6 24. fxe5 Ng4 25. Nf3 Nxe5 26. Nxe5 Qxe5 27. Qc3 Qg5 28. Rxf8 Rxf8 29. Rf1 Bh3 30. Qc2 Qe3+ 31. Rf2 Qe1+ 32. Bf1 Bxf1 33. Qd2 Qxf2+ 34. Qxf2 Rxf2 35. Kxf2 Bxd3 36. Ke3 Bb5 37. e5 Kg7 38. Kf4 Kf7 39. e6+ Kf6 0-1

[Event "FRM-ch op 25th"]
[Site "Struga"]
[Date "2016.07.20"]
[Round "5"]
[White "Caushaj, Kastriot"]
[Black "Krstev, Emil"]
[Result "0-1"]
[WhiteElo "1849"]
[BlackElo "2050"]
[PlyCount "97"]
[EventDate "2016.07.16"]
[EventType "swiss"]
[EventRounds "9"]
[EventCountry "MKD"]
[SourceTitle "CBM 173 Extra"]
[Source "ChessBase"]
[SourceDate "2016.08.29"]
[SourceVersion "1"]
[SourceVersionDate "2016.08.29"]
[SourceQuality "1"]

1. c4 d6 2. g3 g6 3. Bg2 Bg7 4. Nc3 Nf6 5. e4 Nc6 6. Nge2 0-0 7. 0-0 e5 8. d3 Nh5 9. Be3 Nd4 10. Qd2 c5 11. Nd5 Be6 12. f4 Bxd5 13. cxd5 Bh6 14. Rac1 f6 15. Bh3 Qe7 16. Kg2 Kh8 17. Bg4 Ng7 18. fxe5 Bxe3 19. Qxe3 fxe5 20. Nxd4 Rxf1 21. Rxf1 exd4 22. Qf4 h5 23. Bd1 Kh7 24. Qf7 Re8 25. Rf6 Qxf7 26. Rxf7 b5 27. Be2 c4 28. Rc7 Kh6 29. Rc6 Nf5 30. Kf1 Ne3+ 31. Ke1 Nxd5 32. Rxd6 Nb4 33. Kd2 c3+ 34. bxc3 dxc3+ 35. Kxc3 Nxa2+ 36. Kd4 b4 37. Bd1 Nc3 38. Bb3 Nb5+ 39. Kc5 Nxd6 40. Kxd6 Rd8+ 41. Kc5 Rxd3 42. Bc4 Re3 43. Kd4 Re1 44. e5 Kg7 45. Kd5 a5 46. Kd6 a4 47. e6 Kf6 48. Kc5 b3 49. Kb4 0-1

[Event "FRM-ch op 25th"]
[Site "Struga"]
[Date "2016.07.18"]
[Round "3"]
[White "Caushaj, Kastriot"]
[Black "Stojkovska, Monika"]
[Result "1/2-1/2"]
[WhiteElo "1849"]
[BlackElo "2005"]
[PlyCount "39"]
[EventDate "2016.07.16"]
[EventType "swiss"]
[EventRounds "9"]
[EventCountry "MKD"]
[SourceTitle "CBM 173 Extra"]
[Source "ChessBase"]
[SourceDate "2016.08.29"]
[SourceVersion "1"]
[SourceVersionDate "2016.08.29"]
[SourceQuality "1"]

1. c4 c5 2. g3 Nc6 3. Bg2 g6 4. Nc3 Bg7 5. Nf3 e6 6. e3 Nge7 7. 0-0 0-0 8. d4 cxd4 9. Nxd4 d5 10. cxd5 exd5 11. Nce2 Be6 12. b3 Qd7 13. Bb2 g5 14. Qd2 Rac8 15. Rfd1 h6 16. Nxe6 fxe6 17. Bxg7 Kxg7 18. e4 Qe8 19. exd5 Nxd5 20. Nd4 1/2-1/2

[Event "FRM-ch op 25th"]
[Site "Struga"]
[Date "2016.07.17"]
[Round "2"]
[White "Caushaj, Kastriot"]
[Black "Loshkov, Konstantin"]
[Result "1-0"]
[WhiteElo "1849"]
[BlackElo "1328"]
[PlyCount "91"]
[EventDate "2016.07.16"]
[EventType "swiss"]
[EventRounds "9"]
[EventCountry "MKD"]
[SourceTitle "CBM 173 Extra"]
[Source "ChessBase"]
[SourceDate "2016.08.29"]
[SourceVersion "1"]
[SourceVersionDate "2016.08.29"]
[SourceQuality "1"]

1. c4 Nf6 2. g3 g6 3. Bg2 Bg7 4. Nc3 0-0 5. e4 d6 6. Nge2 e5 7. 0-0 Nc6 8. d3 Ne8 9. Nd5 h6 10. Be3 Ne7 11. Qd2 Kh7 12. Rad1 Nxd5 13. cxd5 f5 14. h4 Nf6 15. f3 Nh5 16. Bf2 Bf6 17. d4 f4 18. g4 Ng7 19. dxe5 dxe5 20. d6 Rf7 21. dxc7 Qxc7 22. Nc3 Be6 23. Qd6 b6 24. Qxc7 Rxc7 25. Rd2 Be7 26. Rfd1 Bb4 27. Nd5 Bxd5 28. Rxd5 Rc2 29. a3 Bc5 30. Bxc5 bxc5 31. Rxe5 Rb8 32. Rb1 c4 33. Bf1 c3 34. b4 Rb2 35. Rc1 Rc8 36. Rc5 Rxc5 37. bxc5 Rb3 38. c6 Ne6 39. Bc4 Rxa3 40. Bxe6 c2 41. Rxc2 Rxf3 42. c7 Rg3+ 43. Kf2 Rh3 44. c8Q Rh2+ 45. Kf3 Rh3+ 46. Kxf4 1-0

[Event "FRM-ch op 25th"]
[Site "Struga"]
[Date "2016.07.16"]
[Round "1"]
[White "Nikolov, Sasho"]
[Black "Caushaj, Kastriot"]
[Result "1-0"]
[WhiteElo "2364"]
[BlackElo "1849"]
[PlyCount "87"]
[EventDate "2016.07.16"]
[EventType "swiss"]
[EventRounds "9"]
[EventCountry "MKD"]
[SourceTitle "CBM 173 Extra"]
[Source "ChessBase"]
[SourceDate "2016.08.29"]
[SourceVersion "1"]
[SourceVersionDate "2016.08.29"]
[SourceQuality "1"]

1. e4 c5 2. Nf3 d6 3. Bb5+ Bd7 4. a4 Nc6 5. d3 a6 6. Bxc6 Bxc6 7. a5 g6 8. Nbd2 Bg7 9. Nc4 d5 10. exd5 Qxd5 11. 0-0 Qh5 12. Ng5 Qxd1 13. Rxd1 Rd8 14. Be3 Bd4 15. Bxd4 cxd4 16. Re1 h6 17. Ne4 Bxe4 18. Rxe4 Nf6 19. Re5 e6 20. Ra4 0-0 21. Rb4 Rd7 22. Rc5 Nd5 23. Rb3 f6 24. Kf1 Kg7 25. Ke1 Rff7 26. Kd2 e5 27. g3 Rfe7 28. f3 Kf7 29. Nb6 Nxb6 30. Rxb6 Rc7 31. Rc4 Rxc4 32. dxc4 f5 33. c5 Rc7 34. b4 h5 35. f4 h4 36. fxe5 h3 37. Kd3 Kg7 38. Kxd4 g5 39. Rf6 Rf7 40. Rxf7+ Kxf7 41. b5 f4 42. g4 f3 43. Ke3 Ke6 44. c6 1-0

[Event "World Amateur-ch"]
[Site "Iasi"]
[Date "2013.04.27"]
[Round "6"]
[White "Sadhu, S Adithya"]
[Black "Caushaj, Kastriot"]
[Result "1-0"]
[WhiteElo "1784"]
[BlackElo "1902"]
[PlyCount "29"]
[EventDate "2013.04.22"]
[EventType "swiss"]
[EventRounds "9"]
[EventCountry "ROU"]
[SourceTitle "CBM 154 Extra"]
[Source "ChessBase"]
[SourceDate "2013.06.25"]
[SourceVersion "2"]
[SourceVersionDate "2013.06.25"]
[SourceQuality "1"]

1. e4 c5 2. Nf3 d6 3. d4 cxd4 4. Nxd4 Nf6 5. Nc3 Nc6 6. Bc4 e6 7. Bb3 Be7 8. 0-0 0-0 9. Be3 Qc7 10. f4 a6 11. f5 e5 12. Nxc6 bxc6 13. g4 Bd7 14. g5 Ne8 15. Qh5 1-0